The ombudsman in Finland: (Record no. 3919)
[ view plain ]
| 000 -LEADER | |
|---|---|
| fixed length control field | 01018pam a2200301 4500 |
| 001 - CONTROL NUMBER | |
| control field | 1251721 |
| 003 - CONTROL NUMBER IDENTIFIER | |
| control field | OSt |
| 005 - DATE AND TIME OF LATEST TRANSACTION | |
| control field | 20230704155423.0 |
| 008 - FIXED-LENGTH DATA ELEMENTS--GENERAL INFORMATION | |
| fixed length control field | 730822s1973 cau b s000 0 eng |
| 010 ## - LIBRARY OF CONGRESS CONTROL NUMBER | |
| LC control number | 73014864 |
| 020 ## - INTERNATIONAL STANDARD BOOK NUMBER | |
| International Standard Book Number | 0877721912 |
| 040 ## - CATALOGING SOURCE | |
| Original cataloging agency | DLC |
| Transcribing agency | DLC |
| Modifying agency | DLC |
| 041 1# - LANGUAGE CODE | |
| Language code of text/sound track or separate title | engfin |
| 043 ## - GEOGRAPHIC AREA CODE | |
| Geographic area code | e-fi--- |
| 050 00 - LIBRARY OF CONGRESS CALL NUMBER | |
| Classification number | KJT2760 |
| Item number | .H53 1973 |
| 082 00 - DEWEY DECIMAL CLASSIFICATION NUMBER | |
| Classification number | 354/.471/0091 |
| Item number | HID |
| 100 1# - MAIN ENTRY--PERSONAL NAME | |
| Personal name | Hidén, Mikael. |
| 245 14 - TITLE STATEMENT | |
| Title | The ombudsman in Finland: |
| Remainder of title | the first fifty years. |
| Statement of responsibility, etc. | Translated by Aaron Bell. Edited and with a foreword by Donald C. Rowat. |
| 260 ## - PUBLICATION, DISTRIBUTION, ETC. (IMPRINT) | |
| Place of publication, distribution, etc. | Berkeley, |
| Name of publisher, distributor, etc. | Institute of Governmental Studies, University of California, |
| Date of publication, distribution, etc. | 1973. |
| 300 ## - PHYSICAL DESCRIPTION | |
| Extent | xvi, 198 p. |
| Dimensions | 23 cm. |
| 350 ## - PRICE (NR) (BK AM CF MU VM SE) [OBSOLETE] | |
| Price | $8.00 |
| 500 ## - GENERAL NOTE | |
| General note | Revised translation of Eduskunnan oikeusasiamies [The Parliamentary Ombudsman] published in 1970. |
| 504 ## - BIBLIOGRAPHY, ETC. NOTE | |
| Bibliography, etc | Bibliography: p. [193]-198. |
| 650 #0 - SUBJECT ADDED ENTRY--TOPICAL TERM | |
| Topical term or geographic name as entry element | Ombudspersons |
| Geographic subdivision | Finland. |
| 906 ## - LOCAL DATA ELEMENT F, LDF (RLIN) | |
| a | 7 |
| b | cbc |
| c | orignew |
| d | 1 |
| e | ocip |
| f | 19 |
| g | y-gencatlg |
| 942 ## - ADDED ENTRY ELEMENTS (KOHA) | |
| Source of classification or shelving scheme | Dewey Decimal Classification |
| Koha item type | Books |
| Withdrawn status | Lost status | Source of classification or shelving scheme | Damaged status | Not for loan | Home library | Current library | Date acquired | Total Checkouts | Full call number | Barcode | Date last seen | Price effective from | Koha item type |
|---|---|---|---|---|---|---|---|---|---|---|---|---|---|
| Dewey Decimal Classification | County Hall Archives | County Hall Archives | 07/04/2023 | 354/.471/0091 HID | 10000248 | 07/04/2023 | 07/04/2023 | Books |
